| 000 | 00303nam a22001097a 4500 | ||
|---|---|---|---|
| 999 |
_c15423 _d15423 |
||
| 020 | _a9789383182046 | ||
| 082 |
_a670 _bKHA/PR |
||
| 100 |
_aKhanna,O.P _9457 |
||
| 245 | _aProduction Technology Manufacturing Processes- Volume-I | ||
| 260 |
_aNew Delhi _bDhanpat Rai Publications (P) Ltd _c2013 |
||
| 942 | _cBK | ||